00627nam a22002297a 450000500170000000800410001701000100005801100100006803500100007808200150008810000280010324500150013126000410014630000110018750000130019859000410021159000420025265000230029490100070031794900560032499900170038020220329141232.0971010s1967 r 00010 d a64883 a65855 a73336 a659.2bW3Y00aWatson, Dunn S.9121197 aPublicidad aMéxico :bHispano-americana,c1967 a700 p. a1993-348 aBATCH-UPDb10c20130110lUCH01h2128 aCONVERSIONb10c20130109lUCH01h133514aPublicidad.992811 aBK a659.2 W3YbDCFcLIBROd-6134eLIBROh3681i73336si c64883d64883